Miasta Goszczące Finały Mundiali - Statystyki

Ogólne statystyki
  • Ten quiz został rozwiązany 146 razy
  • Średni wynik to 14 z 22
Statystyki odpowiedzi
Rok Odpowiedź % Poprawnych
2018 Moskwa
96%
2006 Berlin
89%
1998 Paryż
84%
1938 Paryż
84%
2014 Rio de Janeiro
83%
1950 Rio de Janeiro
83%
1966 Londyn
80%
1982 Madryt
80%
1990 Rzym
80%
1934 Rzym
80%
1978 Buenos Aires
69%
1974 Monachium
68%
1986 Meksyk
67%
1970 Meksyk
67%
1930 Montevideo
64%
2010 Johannesburg
59%
1994 Los Angeles
50%
1954 Berno
46%
1962 Santiago
39%
2002 Jokohama
35%
2022 Lusajl
17%
1958 Solna
12%
Nie znaleziono quizów pasujących do podanych kryteriów
Rozkład punktacji
Procent ludzi z każdym wynikiem
Percentyl według liczby udzielonych odpowiedzi
Twoja historia wyników
Nie rozwiązałeś tego quizu